000 00274nam a2200097Ia 4500
001 1253372
005 20251031150952.0
008 251031s9999 xx 000 0 und d
245 0 _cİLKNUR BEKTAŞ
_aY-4 MİLİ MÜCADENİN CESUR VE KAYIP KADINLARI
260 _bERDEM YAYINLARI
999 _c1253372
_d1253372